O 13º trabalho de hércules (Record no. 192781)

MARC details
000 -LÍDER
campo de controle de tamanho fixo 00363 a2200157 4500
001 - NÚMERO DE CONTROLE
campo de controle 192781
020 ## - ISBN - INTERNATIONAL STANDARD BOOK NUMBER
ISBN - International Standard Book Number 978-85-260-2305-5
040 ## - FONTE DA CATALOGAÇÃO
Instituição que transcreveu o registro Magnum
100 ## - ENTRADA PRINCIPAL--NOME PESSOAL
Nome pessoal Lessa, Origenes
240 10 - TÍTULO UNIFORME
Título uniforme O 13º trabalho de hércules
Idioma da obra por
245 10 - TÍTULO
Título O 13º trabalho de hércules
300 ## - DESCRIÇÃO FÍSICA
Extensão 131
362 0# - DATAS DE PUBLICAÇÃO E/OU DESIGNAÇÃO SEQUENCIAL
Datas de publicação e/ou designação sequencial 2017
697 ## - ENTRADA DE ASSUNTO LOCAL--ENTIDADE COLETIVA (RLIN)
Nome corporativo ou nome da jurisdição LITERATURA INFANTO-JUVENIL
942 ## - ELEMENTOS DE ENTRADA ADICIONADOS (KOHA)
Tipo de material Koha Livros
Holdings
Situação do descarte Situação das perdas Situação física Não pode ser emprestado Biblioteca de origem Biblioteca atual Data de aquisição Total de empréstimos Número de chamada completo Código de barras Data de último acesso Data do preço efetivo Tipo de material Koha
        Magnum Magnum 08/06/2024   869.2.1614 MAG00071154 08/06/2024 08/06/2024 Livros